000 00681nam a22001577a 4500
999 _c12265
_d12265
008 221017b 2003 ||||| |||| 00| 0 eng d
020 _a1401900143
082 _a649.1
_bSHA
100 _aSharma, Robin
245 _aFamily wisdom
250 _a2nd ed.
260 _aLondon
_bHay House, Inc.
_c2003
300 _axv, 250p.
520 _aWith profound insight and heartfelt enthusiasm, Robin Sharma teaches you the 5 masteries of the family leader as well as practical lessons to help you: Unlock the best talents and highest abilities of your child, Deepen the relationships between you and those you love, Inspire your children to be strong of character ...
942 _cGB